Sports Quiz

Random Sports or NBA Quiz

Which NBA Player? Quiz Stats

 Plays Quiz Updated Jun 11, 2019

Score 0/30 Timer 05:00
25 Plays Today
Question Answer Wrong Answers
Which Lakers player is Magic Johnson? Magic Johnson
95.8%
Jerry West
0.3%
Kobe Bryant
0.5%
James Worthy
1%
Which 76ers player is Allen Iverson? Allen Iverson
95.8%
Wilt Chamberlain
0.7%
Ben Simmons
0.5%
Julius Erving
0.6%
Which Heat player is Dwyane Wade? Dwyane Wade
95.3%
Tim Hardaway
0.6%
Glen Rice
0.9%
Udonis Haslem
0.7%
Which Suns player is Steve Nash? Steve Nash
95.2%
Charles Barkley
0.5%
Dan Majerle
1.4%
Amare Stoudemire
0.5%
Which Bucks player is Giannis Antetokounmpo? Giannis Antetokounmpo
94.8%
Lew Alcindor/Kareem Abdul-Jabbar
0.9%
Ray Allen
1.1%
Sidney Moncrief
0.7%
Which Spurs player is Tony Parker? Tony Parker
94.7%
George Gervin
0.6%
Tim Duncan
1.4%
David Robinson
0.7%
Which Bulls player is Scottie Pippen? Scottie Pippen
93.9%
Michael Jordan
0.4%
Derrick Rose
1.1%
Dennis Rodman
2.1%
Which Nets player is Jason Kidd? Jason Kidd
93.5%
Richard Jefferson
2.3%
Brook Lopez
0.8%
Buck Williams
0.9%
Which Celtics player is John Havlicek? John Havlicek
93.2%
Larry Bird
1.6%
Bill Russell
1.8%
Paul Pierce
0.9%
Which Raptors player is Chris Bosh? Chris Bosh
92.5%
Kyle Lowry
1.8%
Demar Derozan
1.1%
Vince Carter
2%
Which Knicks player is Patrick Ewing? Patrick Ewing
91.6%
Willis Reed
2.1%
Walt Frazier
2.8%
Latrell Sprewell
1%
Which Rockets player is Hakeem Olajuwon? Hakeem Olajuwon
91.4%
James Harden
0.5%
Yao Ming
0.8%
Moses Malone
4.8%
Which Hawks player is Dominique Wilkins? Dominique Wilkins
91.3%
Al Horford
1.4%
Joe Johnson
2.7%
Bob Pettit
2%
Which Pelicans/Hornets player is David West? David West
90.7%
Chris Paul
2.6%
Anthony Davis
1.4%
Demarcus Cousins
2.7%
Which Jazz player is John Stockton? John Stockton
89.8%
Karl Malone
1%
Adrian Dantley
1.2%
Pete Maravich
5.6%
Which Warriors player is Chris Mullin? Chris Mullin
88.7%
Stephen Curry
0.4%
Klay Thompson
0.6%
Rick Barry
7.8%
Which Grizzlies player is Zach Randolph? Zach Randolph
88.5%
Mike Conley
2.5%
Marc Gasol
2.8%
Pau Gasol
3.6%
Which Mavericks player is Jason Terry? Jason Terry
88.4%
Dirk Nowitzki
1.4%
Michael Finley
4.7%
Mark Aguirre
2.9%
Which Timberwolves player is Andrew Wiggins? Andrew Wiggins
88.4%
Kevin Love
2.5%
Kevin Garnett
1.3%
Karl-Anthony Towns
5.3%
Which Pacers player is Ron Artest? Ron Artest/Metta World Peace
87%
Jermaine O'Neal
5.4%
Reggie Miller
3.6%
Paul George
1.4%
Which Kings/Royals player is Chris Webber? Chris Webber
86.5%
Oscar Robertson
4.7%
Peja Stojakovic
3.8%
Vlade Divac
2.4%
Which Pistons player is Chauncey Billups? Chauncey Billups
85.4%
Ben Wallace
3.8%
Joe Dumars
5%
Isiah Thomas
3.3%
Which Hornets/Bobcats player is Dell Curry? Dell Curry
82.8%
Kemba Walker
1.5%
Larry Johnson
1.8%
Alonzo Mourning
11.4%
Which Trail Blazers player is Rasheed Wallace? Rasheed Wallace
81.2%
Clyde Drexler
10.1%
Damian Lillard
1.7%
Bill Walton
4.4%
Which Thunder/SuperSonics player is Russell Westbrook? Russell Westbrook
80.2%
Kevin Durant
16.2%
Dennis Johnson
0.5%
Gary Payton
0.6%
Which Magic player is Penny Hardaway? Penny Hardaway
76.7%
Shaquille O'Neal
2.2%
Tracy McGrady
17.1%
Dwight Howard
1.7%
Which Cavaliers player is Mark Price? Mark Price
72.6%
Lebron James
15.3%
Kyrie Irving
0.8%
Brad Daugherty
8.8%
Which Clippers/Braves player is Elton Brand? Elton Brand
69.3%
Blake Griffin
1.1%
Jamal Crawford
3.9%
Bob McAdoo
23.2%
Which Nuggets player is Alex English? Alex English
68.3%
Fat Lever
19.4%
Carmelo Anthony
1.6%
Dikembe Mutombo
8.1%
Which Wizards/Bullets player is Wes Unseld? Wes Unseld
64.8%
Elvin Hayes
26.7%
John Wall
1.5%
Gilbert Arenas
4.4%

You're not logged in!

Compare scores with friends on all Sporcle quizzes.
OR
Log In

Sporcle TV

Today on Sporcle TV


Watch our educational content, quiz creation guides, and fun videos on Sporcle TV.

Show Comments

Extras

Top Quizzes Today


Score Distribution

Your Account Isn't Verified!

In order to create a playlist on Sporcle, you need to verify the email address you used during registration. Go to your Sporcle Settings to finish the process.

Report this User

Report this user for behavior that violates our Community Guidelines.

Details: